000 00640cam a22002413a 4500
001 28045
003 PGUSA
005 20140828083615.0
008 090210s2009||||xxu|||||s|||||000 1 eng d
040 _aPGUSA
_beng
042 _adc
050 4 _aPS
100 1 _aHasse, Henry,
_d1913-1977
245 1 0 _aWalls of Acid
_h[electronic resource] /
_cHenry Hasse
260 _bProject Gutenberg,
_c2009
506 _aPublic domain in the USA.
516 _aElectronic text
653 _aShort stories
653 _aScience fiction
830 0 _aProject Gutenberg
_v28045
856 4 0 _uhttp://www.gutenberg.org/ebooks/28045
942 _cEB
999 _c257300
_d257300